Károly Brentán [abstract] /

Elmentve itt :
Bibliográfiai részletek
Szerző: Rákóczi István
Testületi szerző: International Colloquium Pre-ICA 2025
Dokumentumtípus: Könyv része
Megjelent: Hispanisztika Tanszék Szeged 2025
Sorozat:International Colloquium Pre-ICA
Kulcsszavak:Jezsuita rend - Dél-Amerika - 18. sz. - előadáskivonat, Hittérítés - magyar - Dél-Amerika - 18. sz. - előadáskivonat, Brentán Károly - előadáskivonat
Tárgyszavak:
Online Access:http://acta.bibl.u-szeged.hu/90090
LEADER 00947naa a2200217 i 4500
001 acta90090
005 20260330110400.0
008 260330s2025 hu o 100 spa d
020 |a 978-963-688-050-7 
040 |a SZTE Egyetemi Kiadványok Repozitórium  |b hun 
041 |a spa 
100 1 |a Rákóczi István 
245 1 0 |a Károly Brentán   |h [elektronikus dokumentum] :  |b [abstract] /  |c  Rákóczi István 
260 |a Hispanisztika Tanszék  |b Szeged  |c 2025 
300 |a 33 
490 0 |a International Colloquium Pre-ICA 
650 4 |a Bölcsészettudományok 
650 4 |a Történettudomány és régészet 
695 |a Jezsuita rend - Dél-Amerika - 18. sz. - előadáskivonat, Hittérítés - magyar - Dél-Amerika - 18. sz. - előadáskivonat, Brentán Károly - előadáskivonat 
711 |a International Colloquium Pre-ICA 2025  |c Szeged  |d 2025. június 27-28. 
856 4 0 |u http://acta.bibl.u-szeged.hu/90090/1/pre_ica_2025_033.pdf  |z Dokumentum-elérés